000 00522nam a2200181Ia 4500
008 100920s9999 xx 000 0 und d
082 _b3419
_a28 व 5 थ 87
100 _aThomas Vernon.
245 _aThe Story of JESUS CHRIST.
260 _bHemkunt Press,New Delhi.
_c1987
300 _a81
_bसाधी
365 _b30
520 _aबा.वि.ई.एल. ई.
630 _aThe Story of JESUS CHRIST.
650 _aबा.वि.ई.एल. ई.
730 _aThe Story of JESUS CHRIST.
942 _cBOOK
999 _c673463
_d673460